000 00580nam a2200193 i 4500
001 68215
003 ES-MaACL
005 20230906170227.0
007 t|
008 040611s1972 sp ||||1| cat d
100 1 _aGarcía, Javier.
_954038
245 1 0 _aVilanova i la Geltrú i el seu gran carnaval /
_cJavier García ; prólego de Josep Benet.
250 _a1ª ed.
260 _a[Barcelona] :
_bPortic,
_c[1972]
300 _aXVI, 463 p. ;
_c20 cm.
650 4 _aCarnavales-
_zBarcelona (Provincia)
_9174190
700 1 _aBenet, Josep.
_927535
852 4 _aES-MaACL
_jC-49446
999 _c68215
_d68215